000 00555nam a22001817a 4500
999 _c193703
_d193703
005 20230317152411.0
010 _aENG-135614
020 _c650.00
_a978-93-90569-31-1
035 _aEN-119146
037 _bDBAD/PUB
082 _a266.0095483
100 _aJoseph Mar Dionysius
245 _aHandbook on Christian mission studies /
_cBy Joseph Mar Dionysius
260 _c2021
_bTheological Publication
_aDelhi
270 _aP.O.1585, Kashmiri Gate
_bDelhi
_e110006
300 _a686p
_c23cm(pbk)
942 _2ddc
_cEN
_mJOS
_h266.0095483